Santos FC Players since 2000 - Statistics

Estatísticas Gerais
  • Esse quiz foi jogado 34 vezes
    22 desde o último reset
  • A pontuação média é 98 de 499
Estatísticas das Respostas
POSITION/POSIÇAO PLAYER/JOGADOR % Correto
ATA NEYMAR
100%
DEF DAVID BRAZ
85%
GK GABRIEL BRAZAO
85%
ATA GUILHERME
80%
ATA MARCOS GUILHERME
80%
GK JOAO PAULO
75%
MID ZE RAFAEL
75%
DEF GEORGE LUCAS
70%
MID JEAN LUCAS
70%
DEF JOAO LUCAS
70%
DEF LUIZ FELIPE
70%
MID MARQUINHOS GABRIEL
70%
ATA ROBINHO
70%
ATA ROBINHO JUNIOR
70%
ATA SOTELDO
70%
DEF ALEX
65%
MID DIEGO PITUCA
65%
MID LUAN
65%
MID LUCAS LIMA
65%
DEF LUCAS VERISSIMO
65%
DEF DIEGO BORGES
60%
GK FABIO COSTA
60%
MID FREDDY RINCON
60%
DEF GUSTAVO HENRIQUE
60%
DEF LEO
60%
ATA MARCOS LEONARDO
60%
DEF PAULO RICARDO
60%
MID TOMAS RINCON
60%
GK VANDERLEI
60%
ATA ZE LOVE
60%
ATA ALVARO BARREAL
55%
ATA BORGES
55%
MID CARLOS SANCHEZ
55%
DEF EDU DRACENA
55%
MID ELANO
55%
DEF ESCOBAR
55%
ATA GABIGOL
55%
DEF GIL
55%
MID JOAO SCHMIDT
55%
ATA KAIO JORGE
55%
DEF LUAN PERES
55%
MID PH GANSO
55%
DEF | MID SOUZA
55%
GK VLADIMIR
55%
ATA ANDRE
50%
MID GIULIANO
50%
ATA JEAN
50%
ATA MARINHO
50%
ATA RICARDO OLIVEIRA
50%
ATA ROLLHEISER
50%
DEF ADONIS FRIAS
45%
MID ADRIANO
45%
ATA COPETE
45%
GK DIOGENES
45%
DEF JP CHERMONT
45%
ATA JULIO FURCH
45%
MID OTERO
45%
DEF PARA
45%
GK RAFAEL CABRAL
45%
MID WILLIAN ARAO
45%
ATA YURI ALBERTO
45%
DEF ANTONIO CARLOS
40%
MID AROUCA
40%
ATA BRUNO HENRIQUE
40%
DEF DIEGO
40%
DEF DURVAL
40%
MID ED CARLOS
40%
DEF IGOR VINICIUS
40%
GK JOHN VICTOR
40%
ATA LUCAS BARBOSA
40%
ATA LUCAS BRAGA
40%
DEF | MID MADSON
40%
DEF MAICON
40%
ATA MORELOS
40%
ATA RODRYGO
40%
ATA STEFANO YURI
40%
MID THACIANO
40%
ATA TIQUINHO SOARES
40%
MID YURI
40%
MID ALAN PATRICK
35%
DEF ALEX SANDRO
35%
MID ALISON
35%
DEF BRUNO RODRIGO
35%
DEF DANILO
35%
ATA DEIVID
35%
ATA | DEF DODO
35%
DEF EDUARDO BAUERMANN
35%
ATA EDUARDO SASHA
35%
GK EVERSON
35%
MID FELIPE ANDERSON
35%
DEF HAYNER
35%
ATA JHOJAN JULIO
35%
ATA | GK JOAO PEDRO
35%
DEF JOAQUIM
35%
DEF JORGE
35%
DEF KLEBER
35%
ATA LAUTARO DIAZ
35%
ATA MARCEL
35%
DEF MARCELO
35%
ATA MATHEUS XAVIER
35%
MID MIGUELITO
35%
MID RENATO
35%
MID SANDRY
35%
DEF VINICIUS LIRA
35%
DEF WAGNER LEONARDO
35%
DEF ZE IVALDO
35%
ATA ANGELO
30%
ATA ARTHUR GOMES
30%
MID BRUNO OLIVEIRA
30%
ATA DEIVID WASHINGTON
30%
DEF FELIPE JONATAN
30%
MID GABRIEL BONTEMPO
30%
MID GIOVANNI
30%
MID MARQUINHO
30%
MID MARQUINHOS
30%
DEF MAYKE
30%
GK NEI
30%
ATA NEILTON
30%
MID PATRICK
30%
MID PATRIK
30%
ATA | DEF | MID PEDRINHO
30%
DEF PEDRO
30%
MID THIAGO MAIA
30%
MID WESLEY
30%
ATA WILLIAM
30%
MID ZE ROBERTO
30%
DEF ADERLAN
25%
DEF ALEXIS DUARTE
25%
GK ARANHA
25%
ATA BRUNO MEZENGA
25%
DEF BRUNO PERES
25%
MID CAZARES
25%
MID CUEVA
25%
MID DIOGO VITOR
25%
MID DODI
25%
MID FABINHO
25%
DEF FABIO SANTOS
25%
ATA GABRIEL VERON
25%
DEF JAIR CUNHA
25%
MID JEAN MOTA
25%
DEF JOAO BASSO
25%
ATA KLEBER PEREIRA
25%
ATA MARCELINHO
25%
DEF MESSIAS
25%
DEF NETO
25%
MID RICARDINHO
25%
MID RODRIGO FERNANDEZ
25%
DEF VICTOR FERRAZ
25%
MID VINICIUS ZANOCELO
25%
MID VITOR BUENO
25%
MID VITOR JUNIOR
25%
ATA WESLLEY PATATI
25%
DEF ZECA
25%
MID ALAN SANTOS
20%
ATA ALBERTO
20%
DEF ANDRE LUIS
20%
DEF APODI
20%
ATA BILL
20%
ATA CAIO RIBEIRO
20%
MID CARABAJAL
20%
MID CICERO
20%
ATA DERLIS GONZALEZ
20%
DEF EDER LIMA
20%
ATA GEUVANIO
20%
MID HENRIQUE
20%
DEF JUAN
20%
ATA KEIRRISON
20%
DEF LEANDRO
20%
MID LEO LIMA
20%
ATA LIMA
20%
MID LUAN DIAS
20%
DEF LUCAS PIRES
20%
DEF LUIZ ALBERTO
20%
MID LUIZ HENRIQUE
20%
DEF MARANHAO
20%
DEF MARCIO SANTOS
20%
MID MARCOS ASSUNCAO
20%
ATA MENDOZA
20%
MID MOLINA
20%
DEF NATHAN
20%
MID NENE
20%
MID NONATO
20%
DEF PAULO HENRIQUE
20%
GK RENAN
20%
MID ROBERT
20%
MID ROBSON
20%
GK RODRIGO FALCAO
20%
DEF RODRIGO FERREIRA
20%
MID RODRIGO TABATA
20%
ATA RWAN CRUZ
20%
MID SERGINHO SANTOS
20%
MID WENDEL
20%
ATA WENDEL SILVA
20%
MID WILLIAN MARANHAO
20%
ATA YUSUPHA NJIE
20%
DEF ALEX NASCIMENTO
15%
MID ANDERSON LUIS
15%
MID BALAO
15%
ATA BRAHIMI
15%
ATA BRAYAN ANGULO
15%
MID CAMACHO
15%
DEF CLEBER
15%
MID DANIEL RUIZ
15%
DEF DOMINGOS
15%
ATA ENZO MONTEIRO
15%
ATA FERNANDINHO
15%
MID GABRIEL PIRANI
15%
ATA HENRIQUE DOURADO
15%
MID HUDSON
15%
MID HYAN
15%
MID IVONEI
15%
GK JANDREI
15%
GK JOAO FERNANDES
15%
DEF JONAS
15%
DEF JONATHAN
15%
ATA JR MORAES
15%
DEF JUNIOR CAICARA
15%
DEF KAIKY
15%
DEF KEVYSON
15%
ATA LEANDRO DAMIAO
15%
DEF LEANDRO SILVA
15%
MID LEO CITTADINI
15%
DEF LEO SILVA
15%
ATA LUIZAO
15%
DEF MARCAO
15%
MID MARCELO SILVA
15%
GK MAURO
15%
MID MONTILLO
15%
DEF MORAES
15%
DEF NADSON
15%
MID PATO RODRIGUEZ
15%
ATA PAULINHO
15%
GK PAULO MAZOTTI
15%
MID RICARDO GOULART
15%
MID RODRIGO SOUTO
15%
MID SERGINHO
15%
GK TAPIA
15%
ATA TIAGO LUIS
15%
ATA URIBE
15%
ATA VICTOR ANDRADE
15%
ATA VLADIMIR HERNANDEZ
15%
ATA WILLIAN BIGODE
15%
ATA WILLIAN JOSE
15%
DEF ADAILTON
10%
DEF ANDERSON SALLES
10%
ATA ANDREY
10%
DEF AURO
10%
ATA BASILIO
10%
ATA BILLY ARCE
10%
ATA BOLANOS
10%
MID BOVIO
10%
MID BREITNER
10%
ATA BRUNO MARQUES
10%
MID BRYAN RUIZ
10%
GK CARLOS GERMANO
10%
DEF CICINHO
10%
MID CLEBER SANTANA
10%
MID DANIEL PAULISTA
10%
DEF DERICK
10%
MID DIEGO RIBAS
10%
ATA EDMUNDO
10%
MID EMERSON
10%
DEF EMERSON BARBOSA
10%
DEF EMERSON PALMIERI
10%
MID EMILIANO VECCHIO
10%
DEF EMILIANO VELAZQUEZ
10%
MID EWERTON PASCOA
10%
DEF FABAO
10%
MID GERMANO
10%
GK HENAO
10%
MID IBSON
10%
DEF JUBAL
10%
DEF JULIO MANZUR
10%
GK JULIO SERGIO
10%
DEF KAIQUE ROCHA
10%
MID KEVIN MALTHUS
10%
ATA LAQUINTANA
10%
ATA LEO BAPTISTAO
10%
DEF LEO GODOY
10%
DEF LEONARDO ZABALA
10%
ATA LUCA MEIRELLES
10%
MID LUCAS LOURENCO
10%
DEF LUCIANO CASTAN
10%
DEF LUISAO
10%
DEF LUIZINHO
10%
ATA MARCOS AURELIO
10%
DEF MATHEUS FERRAZ
10%
MID MATHEUS JESUS
10%
DEF MATHEUS RIBEIRO
10%
ATA MAXIMILIANO SILVERA
10%
DEF MENA
10%
ATA NILSON
10%
MID PAULO ALMEIDA
10%
DEF PAULO CESAR
10%
DEF PEREIRA
10%
MID QUINONEZ
10%
ATA RANIEL
10%
ATA REINALDO
10%
MID RENAN MOTA
10%
ATA RENATINHO
10%
MID RENATO ABREU
10%
ATA RENYER
10%
ATA RILDO
10%
DEF ROBSON BAMBU
10%
DEF ROBSON REIS
10%
MID RODRIGO MANCHA
10%
ATA RODRIGO TIUI
10%
DEF SABINO
10%
GK SAMUEL PIRES
10%
GK SERGIO
10%
ATA THIAGO RIBEIRO
10%
DEF TRIGUINHO
10%
MID VICTOR HUGO
10%
MID VINICIUS BALIEIRO
10%
ATA VIOLA
10%
ATA WELLINGTON PAULISTA
10%
MID ZE ELIAS
10%
MID ADONIRAN
5%
ATA ALAN KARDEC
5%
ATA ALEJANDRO VILLARREAL
5%
DEF ALESSANDRO
5%
MID ALEXANDRE TAM
5%
ATA ALLANZINHO
5%
MID ANDERSON CARVALHO
5%
MID ANDERSON CEARA
5%
DEF ASTORGA
5%
DEF AVALOS
5%
DEF BAIANO
5%
MID BERNARDO
5%
DEF BETAO
5%
MID BIDA
5%
GK BRENO SOSSAI
5%
DEF BRUNO AGUIAR
5%
DEF BRUNO UVINI
5%
ATA CABALLERO
5%
DEF CADU
5%
DEF CAFE
5%
MID CAICO
5%
DEF CAJU
5%
DEF CARLINHOS
5%
DEF CARLOS GALVAN
5%
DEF CEARA
5%
MID CHARLES
5%
DEF CHIQUINHO
5%
MID CLAUDIOMIRO
5%
ATA CLAUDIO PITBULL
5%
DEF CLEBER REIS
5%
DEF CRYSTIAN
5%
DEF DANIEL GUEDES
5%
ATA DANILINHO
5%
DEF DANILO BOZA
5%
ATA DIEGO TARDELLI
5%
ATA DIMBA
5%
ATA DIOGO
5%
MID DIONISIO
5%
GK DONI
5%
GK DOUGLAS JESUS
5%
DEF DUTRA
5%
DEF ELI SABIA
5%
MID ELIVELTON
5%
MID EVANDRO
5%
ATA EVERTON COSTA
5%
DEF FABIAN NOGUERA
5%
ATA | MID FABIANO
5%
DEF FABIANO ELLER
5%
DEF FABINHO SOLDADO
5%
MID FABIO BAIANO
5%
DEF FELIPE AGUILAR
5%
GK FELIPE GARCIA
5%
ATA FELIPPE CARDOSO
5%
MID FERNANDO DINIZ
5%
DEF FERNANDO PILEGGI
5%
ATA FRONTINI
5%
DEF FUCILE
5%
MID GABRIEL CALABRES
5%
GK GABRIEL GASPAROTTO
5%
ATA GEILSON
5%
MID GEOVANE
5%
MID GERSON MAGRAO
5%
MID GREGORE
5%
MID GUILHERME NUNES
5%
GK GUSTAVO JUNDI
5%
DEF HALISSON
5%
MID JERRI
5%
DEF JHONNATAN
5%
ATA JOEL TAGUEU
5%
ATA KAYKE
5%
DEF LAERCIO
5%
MID LEANDRINHO
5%
MID LEANDRO DONIZETE
5%
DEF LEANDRO LUZ
5%
MID LEDESMA
5%
DEF LEONARDO
5%
MID LUCAS OTAVIO
5%
ATA LUCAS VENUTO
5%
MID MAGNUM
5%
ATA MAIKON LEITE
5%
MID MALDONADO
5%
MID MARCELINHO CARIOCA
5%
MID MARCINHO
5%
DEF MARCIO CARECA
5%
DEF MATHEUS GUEDES
5%
ATA MATIAS LACAVA
5%
DEF MAURINHO
5%
ATA MAXI ROLON
5%
DEF MIKAEL
5%
ATA MIRALLES
5%
DEF NAILSON
5%
GK NANDO
5%
ATA NELSON CUEVAS
5%
ATA NETO BEROLA
5%
ATA NILMAR
5%
DEF ORESTES
5%
DEF ORINHO
5%
MID PEDRO CASTRO
5%
MID PETKOVIC
5%
MID PINGA
5%
GK PITARELLI
5%
DEF PRETO
5%
MID PRETO CASAGRANDE
5%
DEF RAFAEL CALDEIRA
5%
DEF RAFAEL GALHARDO
5%
DEF REGINALDO ARAUJO
5%
ATA RENTERIA
5%
MID RIVALDO
5%
MID ROBERTO BRUM
5%
ATA ROBGOL
5%
MID RODRIGO CALDEIRA
5%
MID RODRIGO POSSEBON
5%
MID RODRIGUINHO
5%
GK ROGER
5%
MID ROGER GAUCHO
5%
DEF ROMARIO
5%
MID RONALDO MENDES
5%
ATA RONI
5%
MID ROSSINI
5%
DEF RUBENS CARDOSO
5%
DEF | GK SAMUEL
5%
DEF SANDRO PERPETUO
5%
DEF SANGALETTI
5%
GK SAULO
5%
ATA TAILSON
5%
ATA TIAGO ALVES
5%
ATA VAL BAIANO
5%
ATA VALDIR BIGODE
5%
MID VALENCIA
5%
MID VICTOR YAN
5%
DEF WAGNER DINIZ
5%
MID WELLINGTON
5%
DEF WELLINGTON TIM
5%
DEF WERLEY
5%
MID YAN
5%
MID ZEZINHO
5%
MID ADIEL
0%
ATA ALEMAO
0%
MID ANDRE BELEZINHA
0%
ATA ANTONIO DE NIGRIS
0%
MID CANINDE
0%
DEF CARLETO
0%
MID CLAITON
0%
ATA DIEGO BARCELOS
0%
DEF DIEGO MONAR
0%
MID ESQUERDINHA
0%
ATA FELIPE AZEVEDO
0%
MID FERNANDO MEDEIROS
0%
DEF FLAVIO
0%
MID GAVIAO
0%
ATA GIVA
0%
MID JOBSON
0%
MID LUCAS CRISPIM
0%
MID LUCIO FLAVIO
0%
MID MARCINHO GUERRERO
0%
ATA MARIANO TRIPODI
0%
DEF MICHEL
0%
MID NARCISO
0%
DEF ODVAN
0%
MID RAFAEL LONGUINE
0%
ATA RODRIGAO
0%
DEF ROGERINHO
0%
DEF ROGERIO
0%
DEF RUSSO
0%
ATA RYCHELY
0%
ATA SEBASTIAN PINTO
0%
MID TCHECO
0%
DEF VALBER
0%
DEF VALDIR
0%
DEF VINICIUS SIMON
0%
DEF WALACE
0%
Nenhum quiz correspondente encontrado
Distribuição das Pontuações
Porcentagem de Pessoas com Cada Pontuação
Percentil de Números Respondidos
Sua Pontuação Histórica
Você não jogou esse quiz desde o último reset